Normal view
MARC view
Entry Personal Name
001 - CONTROL NUMBER
- control field: 42021
003 - CONTROL NUMBER IDENTIFIER
- control field: dpl
005 - DATE AND TIME OF LATEST TRANSACTION
- control field: 20120215105756.0
008 - FIXED-LENGTH DATA ELEMENTS
- fixed length control field: 120215|||a|||||| | ||| d
040 ## - CATALOGING SOURCE
- Original cataloging agency: dpl
- Transcribing agency: dpl
100 ## - HEADING--PERSONAL NAME
- Personal name: Chaturvedi,Badrinath
670 ## - SOURCE DATA FOUND
- Source citation: Work cat.: (dpl)61878: Chaturvedi,Badrinath, The Mahabharata :, 2006
670 ## - SOURCE DATA FOUND
- Source citation: Work cat.: (dpl)61878: Chaturvedi,Badrinath, The Mahabharata :, 2006
